| 000 | 01206nam a2200337 i 4500 | ||
|---|---|---|---|
| 003 | EG-GICUC | ||
| 005 | 20260427214146.0 | ||
| 008 | 260427s1997 ua ||||fr|||| 00| 0 ara d | ||
| 017 | _a1998/1632 | ||
| 020 | _a977-19-5213-7 | ||
| 040 |
_a EG-GICUC _bara _c EG-GICUC _d EG-GICUC _erda |
||
| 041 | 0 | _aara | |
| 082 | 0 | 4 |
_221 _a345.61 _bص ا . و |
| 092 | 0 | 4 | _221 |
| 099 | _aLaw1 07 345.61 ص ا . و 1 ed - 1997 | ||
| 100 | 0 |
_aصابر الحسيني محمود الجندي _eمؤلف. |
|
| 245 | 1 | 2 |
_aالوجيز في كيفية اتخاذ القرارات / _cتأليف صابر الحسيني محمود الجندي. |
| 250 | _aالطبعة الاولي | ||
| 264 | 1 |
_a[مكان النشر غير محدد] : _b[الناشر غير محدد]، _c1997. |
|
| 300 |
_a108 ؛ صفحة _b _c24 سم. |
||
| 336 |
_2rda content _atext |
||
| 337 |
_2rda media _aComputer |
||
| 338 |
_2rda carrier _aOnline Resource |
||
| 504 | _a | ||
| 546 | _aالنص باللغة العربية | ||
| 650 | 1 | 4 | _2تعريف القرار الإداري |
| 650 | 1 | 4 | _2القانون الإداري |
| 856 | 4 | 0 | _uhttps://fll.law.cu.edu.eg/fulltext/bks/B07-02119.pdf |
| 905 | _a77 | ||
| 942 |
_2ddc _cBK _e21 _n0 |
||
| 999 |
_c73725 _d73725 |
||